000 00453nam a2200169 a 4500
001 21715
005 20180713215516.0
008 140415s1971 xxu 000 0 eng d
041 _aeng
082 _a306.85
_bDUV
100 1 _aDUVALL, EVELYN MILLIS
245 1 0 _aFAMILY DEVELOPMENT
250 _a1a ed.
260 _aESTADOS UNIDOS DE AMERICA :
_bJ. B. LIPPINCOTT COMPANY,
_c1971
300 _a576
650 1 4 _aFAMILIA
_xDESARROLLO
999 _c21715
_d21715